000 00420nam a2200181Ia 4500
005 20250425161432.0
008 250425s9999 xx 000 0 und d
041 _aeng
082 _a551.4601
100 _aTRAVERS JEROME, WILLIAM
245 0 _aOPTICAL PROPERTIES OF THE SEA
250 _aS.E.
260 _aEstados Unidos
_bUSNI
_c1970
260 _aNEW YORK
300 _a120
942 _c01
010 _a20244
999 _c209194
_d209194